000 00561nam a2200169 i 4500
001 69774
003 ES-MaACL
005 20230906170619.0
007 t|
008 040712s1969 sp ||||1| spa d
100 1 _aGarcía Guinea, Miguel Ángel.
_954740
245 1 0 _aAltamira, principio del arte /
_cpor Miguel Angel García Guinea ; y fotografías: Eleonor Domínguez Ramírez.
260 _aMadrid :
_b[s.n.,
_c1969] (
_fGrafiplás)
300 _a48 p., 48 lám. ;
_c17 cm.
700 1 _aDomínguez, Eleonor.
_945159
852 _aES-MaACL
_jC-35884
_bR.69389
999 _c69774
_d69774